Motion Classification based on Motion Vector Statistics by (Record no. 536990)

000 -LEADER
fixed length control field 00458nam a22001457a 4500
082 ## - DEWEY DECIMAL CLASSIFICATION NUMBER
Classification number 621.39
100 ## - MAIN ENTRY--PERSONAL NAME
Personal name Riaz, Amina
245 ## - TITLE STATEMENT
Title Motion Classification based on Motion Vector Statistics by
Statement of responsibility, etc. Amina Riaz
260 ## - PUBLICATION, DISTRIBUTION, ETC.
Place of publication, distribution, etc. Islamabad :
Name of publisher, distributor, etc. CEME - NUST,
Date of publication, distribution, etc. 2014.
300 ## - PHYSICAL DESCRIPTION
Extent 63 p. ;
Dimensions 30cm.
650 ## - SUBJECT ADDED ENTRY--TOPICAL TERM
Topical term or geographic name entry element Computer Engineering-MS-Thesis
700 ## - ADDED ENTRY--PERSONAL NAME
Personal name Dr. Shoab Ahmad Khan
942 ## - ADDED ENTRY ELEMENTS (KOHA)
Source of classification or shelving scheme
Koha item type Thesis
650 ## - SUBJECT ADDED ENTRY--TOPICAL TERM
-- 16083
700 ## - ADDED ENTRY--PERSONAL NAME
-- 16279
Holdings
Withdrawn status Lost status Source of classification or shelving scheme Damaged status Not for loan Permanent Location Current Location Shelving location Date acquired Total Checkouts Full call number Barcode Date last seen Price effective from Koha item type
          Central Library (CL) Central Library (CL) Thesis 10/19/2020   621.39 CL-T-296 10/19/2020 10/19/2020 Thesis
© 2023 Central Library, National University of Sciences and Technology. All Rights Reserved.